Countries with Uncontacted People - Statistics

General Stats
  • This quiz has been taken 159 times
  • The average score is 8 of 9
Answers on the Map
Answers color-coded by a green-red scale on the quiz's map according to % correct below.
 
Answer Stats
Population Estimate Answer % Correct
8,000-15,000 Brazil
93%
50-200 India
93%
3,000-5,000 Peru
86%
80-150 Bolivia
85%
300-500 Colombia
85%
500-2,000 Venezuela
82%
500 Indonesia
81%
100 Paraguay
76%
170-330 Ecuador
74%
No matching quizzes found
Score Distribution
Percent of People with Each Score
Percentile by Number Answered
Your Score History
You have not taken this quiz